Hidden Capitals - Statistics

General Stats
  • This quiz has been taken 66 times
  • The average score is 12 of 20
Answer Stats
Hint Capital % Correct
2) With a sailing ship a rising tide is the time to set sail. Paris
91%
5) It was found that brothels in kinky movies were often set in Naples, Italy. Helsinki
88%
4) Sancho surprisingly did not look so tall on Don Quixote's donkey. London
88%
3) Three antelopes stood under the great tree limb, a kudu a springbok and an eland. Baku
79%
7) The time to dress like Guy Fawkes going casual is 'Bonfire Night' not 'Easter'. Lisbon
76%
1) If a Gold Medal is thought of as special, imagine how prestigious is a Noble Prize. Lima
73%
10) Vinyl raincoats that have inner rubber linings are the most waterproof. Berlin
70%
6) During bush fires the problem of toxic air over major cities trebles. Cairo
67%
9) Zoologists have found bones of a long deceased emu scattered around Mt. Everest. Muscat
67%
11) Factory cleaners have an intense rivalry with a rebel mop and bucket brigade. Belmopan
61%
13) Of Italian prepared meat products, I prefer firstly bologna then sausage. Athens
58%
12) A Taliban guided missile was used in Iran to bring down a French drone. Bangui
55%
8) Whilst drilling deeper in Texas, diamonds were located beneath an oil well. Hanoi
52%
15) Out of three hundred sheep only one ram managed to jump the fence. Amman
48%
14) Although leading the race for most of the week I eventually finished in fourth position. Kiev
45%
16) Give a good baseball player a bat and a ball and they will always shine. Rabat
42%
18) Salome demanded the head of John the Baptist according to Josephus. Lome
39%
17) As usual, the star of the movie drank Champagne, the rest of the cast, Riesling. Castries
36%
20) When selling a rare Rolls Royce it is difficult to give such a car a cash value. Caracas
33%
19) Catch a rare butterfly and there is no knowing what the value will be. Harare
33%
No matching quizzes found
Score Distribution
Percent of People with Each Score
Percentile by Number Answered
Your Score History
You have not taken this quiz